| 000 | 00804cam a2200217 4500 | ||
|---|---|---|---|
| 001 | ABS68086 | ||
| 008 | 040903n2004 000 0 eng u | ||
| 035 | _a(Sirsi) u127271 | ||
| 245 | _aCost study: distribution centres | ||
| 260 | _c2004 | ||
| 490 |
_aBuilding _v269(8344) 6 August 2004, 44-49(6) |
||
| 520 | _aDatafile looks at the key issues affecting distribution centres, with cost breakdowns. Suggests the sector is booming, as businesses rush to outsource their goods handling to logistics firms and supermarkets adopt time sensitive delivery systems. | ||
| 590 | _aABS | ||
| 590 | _aABS | ||
| 650 | _aCOST ANALYSIS | ||
| 650 | _aBUILT ENVIRONMENT-BUILDING COSTS | ||
| 650 | _aDISTRIBUTION CENTRES | ||
| 650 | _aLOGISTICS | ||
| 690 | _aBUILDING AND CONSTRUCTION-COSTS | ||
| 942 | _n0 | ||
| 999 |
_c117960 _d117960 |
||